000 00697cam a22002413a 4500
001 3654
003 PGUSA
005 20140828083036.0
008 030101s2003||||xxu|||||s|||||000 | eng d
040 _aPGUSA
_beng
042 _adc
050 4 _aPR
100 1 _aLang, Andrew,
_d1844-1912
245 1 0 _aAlfred Tennyson
_h[electronic resource] /
_cAndrew Lang
260 _bProject Gutenberg,
_c2003
506 _aPublic domain in the USA.
516 _aElectronic text
653 _aPoets, English -- 19th century -- Biography
653 _aTennyson, Alfred Tennyson, Baron, 1809-1892
830 0 _aProject Gutenberg
_v3654
856 4 0 _uhttp://www.gutenberg.org/ebooks/3654
942 _cEB
999 _c232983
_d232983